000 00598 a2200145 4500
005 20250522142247.0
020 _a9781931185387
082 _aLECT 425 SNO
100 _aSNOW, D.
245 _aFrom Language Learner to Language Teacher: An Introduction to Teaching English as a Foreign Language
260 _aWashington,
_bTeachers of English to Speakers of Other Languages, Inc.
_c2007.
300 _aix, 357p.
_bReference.
_c28cm.
856 _yAccess Online Book
_fFrom Language Learner to Language Teacher: An Introduction to Teaching English as a Foreign Language
_dwww.tesol.org
942 _2ddc
_cBKS
999 _c2531
_d2531